Szczegóły MARC21

Przykłady modeli uczenia się i nauczania /

003 -Nazwa inst., której nr kontr. jest w polu 001 [,]
    • @
    • Nazwa instytucji, której n kontrolny jest w polu 001
    • NUKAT
005 -DATA I CZAS OSTATNIEJ MODYFIKACJI [,]
    • @
    • pole kontrolne
    • 20241231100456.0
020 -Międzynarod. znormalizowany nr książki - ISBN [ , ]
    • a
    • Numer ISBN
    • 8302074268 Find
040 -Instytucja sporządzająca opis [ , ]
    • a
    • Instytucja, która sporządziła opis (NP)
    • TOR U/BIOJK
    • c
    • Instytucja, która sporządziła rekord (NP)
    • TOR U/BIOJK
    • d
    • Instytucja, która zmodyfikowała rekord (P)
    • TOR U/AP
    • d
    • Instytucja, która zmodyfikowała rekord (P)
    • LUBL U/AG
    • d
    • Instytucja, która zmodyfikowała rekord (P)
    • WR O/AKs
041 -Język dokumentu [1, ]
    • a
    • Język tekstu (P)
    • polski
    • h
    • Język tekstu oryginalnego i/lub pośredniego (P)
    • angielski
942 -Rodzaj dokumentu [ , ]
    • c
    • Rodzaj dokumentu
    • Książka
100 -Hasło główne - nazwa osobowa [1, ]
    • a
    • Nazwa osobowa (NP)
    • Joyce, Bruce R.
    • d
    • Daty biograficzne (NP)
    • (1930- ).
    • 9
    • KHW
    • 589914
240 -Tytuł ujednolicony [1,0]
    • a
    • Tytuł ujednolicony
    • Models of learning
    • l
    • Język tekstu
    • (pol.)
    • 9
    • KHW
    • 628294
245 -Strefa tytułu i oznaczenia odpowiedzialności [1,0]
    • a
    • Tytuł
    • Przykłady modeli uczenia się i nauczania / Find
    • c
    • Pozostałe elementy strefy tytułu i oznaczenia odpowiedzialności (NP)
    • Bruce Joyce, Emily Calhoun, David Hopkins ; tł. Krzysztof Kruszewski.
260 -Strefa adresu wydawniczego [ , ]
    • a
    • Miejsce wydania (P)
    • Warszawa :
    • b
    • Nazwa wydawcy (P)
    • Wydawnictwa Szkolne i Pedagogiczne,
    • c
    • Data wydania (P)
    • 1999.
300 -Strefa opisu fizycznego [ , ]
    • a
    • Określenie formy książki i/lub objętość (NP)
    • 201, [3] s. ;
    • c
    • Format (NP)
    • 24 cm.
336 -Typ zawartości [ , ]
    • a
    • Termin opisujący typ zawartości
    • Tekst
    • b
    • Kod określający zawartość
    • txt
    • 2
    • Źródło (terminu i kodu)
    • rdacontent
337 -Typ mediów [ , ]
    • a
    • Tryb odtwarzania
    • Bez urządzenia pośredniczącego
    • b
    • Kod typu mediów
    • n
    • 2
    • Źródło (terminu i kodu)
    • rdamedia
338 -Typ/rodzaj nośnika [ , ]
    • a
    • Hasło opisujące typ nośnika
    • Wolumin
    • b
    • Kod typu nośnika
    • nc
    • 2
    • Źródło (terminu i kodu)
    • rdacarrier
490 -Strefa serii i książki wielotomowej - forma nie do wyszukiwania [1, ]
    • a
    • Tytuł (P)
    • Literatura Pedagogiczna Find
830 -Hasło dodatkowe serii i opisu książki wielotomowej - tytuł ujednolicony/tytuł [ ,0]
    • a
    • Tytuł ujednolicony/tytuł (NP)
    • Literatura Pedagogiczna
    • 9
    • KHW
    • 19844
504 -Uwaga dot. bibliogr. załącznikowej [ , ]
    • a
    • Uwaga dot. bibliografii załącznikowej
    • Bibliogr. s. 198-201.
080 -Uniwersalna Klasyfikacja Dziesiętna [ , ]
    • 2
    • Identyfikator wydania tablic
    • UDC-P058
    • a
    • Symbol klasyfikacji
    • 37.091.3
    • b
    • Dopowiedzenie
    • Ogólne zagadnienia metodyki nauczania. Dydaktyka ogólna. Metody i formy nauczania. Formy nabywania wykształcenia.
    • x
    • Poddział wspólny
    • (083.1)
    • b
    • Dopowiedzenie
    • (Przepisy. Instrukcje. Poradniki praktyczne).
080 -Uniwersalna Klasyfikacja Dziesiętna [ , ]
    • 2
    • Identyfikator wydania tablic
    • UDC-P058
    • a
    • Symbol klasyfikacji
    • 37.091.3::001.895
    • b
    • Dopowiedzenie
    • Innowacje pedagogiczne. Innowatyka pedagogiczna.
    • x
    • Poddział wspólny
    • (083.1)
    • b
    • Dopowiedzenie
    • (Przepisy. Instrukcje. Poradniki praktyczne).
080 -Uniwersalna Klasyfikacja Dziesiętna [ , ]
    • 2
    • Identyfikator wydania tablic
    • UDC-P058
    • a
    • Symbol klasyfikacji
    • 37.041
    • b
    • Dopowiedzenie
    • Uczenie się. Samokształcenie. Samouctwo. Autodydaktyka.
    • x
    • Poddział wspólny
    • (083.1)
    • b
    • Dopowiedzenie
    • (Przepisy. Instrukcje. Poradniki praktyczne).
650 -Hasło przedmiotowe [ ,7]
    • a
    • Hasło przedmiotowe
    • Nauczanie
    • x
    • Określnik rzeczowy
    • metodologia.
    • 2
    • Źródło terminu
    • kaba
    • 9
    • KHW
    • 351635
650 -Hasło przedmiotowe [ ,7]
    • a
    • Hasło przedmiotowe
    • Nauczanie
    • x
    • Określnik rzeczowy
    • innowacje
    • v
    • Określnik formalny
    • poradniki.
    • 2
    • Źródło terminu
    • kaba
    • 9
    • KHW
    • 498662
980 -Symbol UKD [ , ]
    • a
    • UKD
    • 37.091.3:37.091.3::001.895:37.041](083.1)
700 -Hasło dodatkowe - nazwa osobowa [1, ]
    • a
    • Nazwa osobowa (NP)
    • Calhoun, Emily. Find
    • 9
    • KHW
    • 628291
700 -Hasło dodatkowe - nazwa osobowa [1, ]
    • a
    • Nazwa osobowa (NP)
    • Hopkins, David Find
    • d
    • Daty biograficzne (NP)
    • (1949- ).
    • 9
    • KHW
    • 628292
700 -Hasło dodatkowe - nazwa osobowa [1, ]
    • a
    • Nazwa osobowa (NP)
    • Kruszewski, Krzysztof Find
    • d
    • Daty biograficzne (NP)
    • (1939-2015).
    • e
    • Określenie rodzaju współpracy
    • Tł.
    • 9
    • KHW
    • 98073
710 -Hasło dodatkowe - nazwa ciała zbiorowego [2, ]
    • a
    • Nazwa ciała zbiorowego lub nazwa geograficzna jako pierwszy element (NP)
    • Wydawnictwa Szkolne i Pedagogiczne.
    • 4
    • Kod relacji
    • pbl
    • 9
    • KHW
    • 52547
920 -ISBN [ , ]
    • a
    • ISBN
    • 83-02-07426-8 Find
Data inwentaryzacji Lokalizacja Status udost. Numer inwentarzowy
2001-05-31BG1N.17814
2009-06-19BG1Pd.20042